Agenda Civil del D.F. 2017

Bibliographic Details
Format: eBook
Language:Spanish
Published: Mx̌ico DF: Ediciones Fiscales ISEF, 2017
Subjects:
Online Access:Acceso restringido

MARC

LEADER 00000nam a22000007a 4500
005 20170328004233.0
007 cr|||| ||||
008 170328s2017 mx |||||s|||| 00||0 spa d
020 |a 978-607-406-828-3 
035 |a 14883 
040 |a vLex 
090 |c 6618  |d 6618 
245 0 0 |a Agenda Civil del D.F. 2017  |h [Recurso electrn̤ico] / 
256 |a Servicio en ln̕ea 
260 |a Mx̌ico DF:  |b Ediciones Fiscales ISEF,  |c 2017 
300 |a 1 recurso electrn̤ico 
506 1 |a Disponible solo en los productos indicados  |d vLex Global  |d vLex Global (Academic Edition, excluding Law Schools)  |d vLex Global (U.S. Academic Edition, Law Schools)  |d vLex Global (U.S. Academic Edition, excluding Law Schools)  |d vLex Global (Academic Edition, Law Schools) 
650 0 4 |a Derecho Civil  |z Mx̌ico 
740 0 |a vLex Libros (Servicio en ln̕ea) 
856 4 0 |u http://vlex.com/source/agenda-civil-del-d-f-2017-14883  |z Acceso restringido 
942 |c BOOK 
999 0 |a Civil law